000
00297nam a2200097Ia 4500
008
220204s9999 xx 000 0 und d
082
_a
581.1(031)
_b
ENC.4
245
0
_a
Encyclopedia of plant physiology. New Series. V 4. Physiological plant pathology
260
_a
Berlin
_b
Springer
_c
1976
942
_c
BK
999
_c
24609
_d
24609